TOP 15 Największych Państw Europy - Statystyki

Ogólne statystyki
  • Ten quiz został rozwiązany 79 razy
  • Średni wynik to 13 z 15
Statystyki odpowiedzi
TOP Kraje % Poprawnych
1 Rosja
100%
8 Niemcy
97%
11 Polska
97%
5 Francja
96%
7 Szwecja
96%
10 Norwegia
94%
4 Ukraina
94%
6 Hiszpania
93%
12 Włochy
93%
13 Wielka Brytania
90%
9 Finlandia
88%
14 Rumunia
82%
15 Białoruś
81%
3 Turcja
81%
2 Kazachstan
44%
Nie znaleziono quizów pasujących do podanych kryteriów
Rozkład punktacji
Procent ludzi z każdym wynikiem
Percentyl według liczby udzielonych odpowiedzi
Twoja historia wyników
Nie rozwiązałeś tego quizu